1462 1552 1200 1980 1897 1297 1495 1093 1598 1110 1952 1368 1361 1225 1276 1883 1632 1768 1581 1855 1662 1505 1334 1985 1511 1412 1176 1979 1854 1113 1753 1869 1430 1217 1383 1489 1223 1202 1592 1490 1283 1565 1683 1998 1747 1667 1107 1884 1172 1549 1173 1601 1031 1956 1992 1727 1347 1735 1836 1566 1844 1081 1769 1488 1066 1497 1074 1637 1902 1730 1036 1167 1749 1414 1634 1166 1213 1429 1213 1923 1955 1519 1517 1135 1747 1312 1322 1167 1380 1655 1561 1492 1070 1756 1838 1563 1098 1821 1236 BCNSPRNW ULIB Ver.6.0+V

เปลี่ยนเป็นภาษาไทย

Change to English
 แสดงรายละเอียดบรรณานุกรม
  กลับหน้าหลัก

Brief Record : Get Marc (ISO 2709) : E-mail record : QR code < ปิดหน้าต่าง
LEADER : 00000nam 2200000uu 4500
001    13399122969
003     ULIB
008    131115s2555||||th 000 0 tha d
020    ^a6167230269
020    ^a9786167230269
060 04 ^aWM290^bย318
245 00 ^a25 ปี มูลนิธิรณรงค์เพื่อการไม่สูบบุหรี่ :^bเพื่อสังคมไทยปลอดบุหรี่ = 25th Anniversary Action on Smoking and Health Foundation / ^cมูลนิธิรณรงค์เพื่อการไม่สูบบุหรี่ ; บรรณาธิการ, ประกิต วาทีสาธกกิจ ... [และคนอื่นๆ]
246 30 ^aยี่สิบห้าปีมูลนิธิรณรงค์เพื่อการไม่สูบบุหรี่ :^bเพื่อสังคมไทยปลอดบุหรี่
246 30 ^a25 ปี เพื่อสังคมไทยปลอดบุหรี่
246 31 ^a25th Anniversary Action on Smoking and Health Foundation
246 38 ^a25 ปี มูลนิธิรณรงค์เพื่อการไม่สูบบุหรี่
250    ^aพิมพ์ครั้งที่ 1
260    ^aกรุงเทพฯ :^bมูลนิธิ,^c2555 [2012]
300    ^a104 หน้า :^bภาพประกอบสี ;^c29 ซม.
500    ^aชื่อเรื่องจากปก
610 24 ^aมูลนิธิรณรงค์เพื่อการไม่สูบบุหรี่^xผลงาน
650  0 ^aNonsmoking areas
650  2 ^aSmoking Cessation
650  4 ^aการเลิกบุหรี่
650  4 ^aเขตปลอดบุหรี่
700 0  ^aประกิต วาทีสาธกกิจ,^eบรรณาธิการ
710 2  ^aมูลนิธิรณรงค์เพื่อการไม่สูบบุหรี่
945    ^p0^l0^i034160
945    ^p0^l0^i034161
945    ^p0^l0^i034162
999    ^aเกษร โพธิ์สุวรรณ
รายการนี้ยังไม่มีแท็ก
คุณยังไม่ได้ล็อกอิน คุณสามารถมีกิจกรรมร่วมกับเว็บไซต์ได้ แต่ต้องล็อกอินก่อน ::
  ล็อกอิน

รายการสื่อสารสนเทศ

ลำดับที่ ประเภท เลขเรียก/บาร์โค้ด สถานที่ สถานะ
1. วิทยาศาสตร์การแพทย์ และสุขภาพ
หนังสือสำรอง
สถานะ=หนังสือสำรอง
WM290 ย318 ฉ.1 
  Barcode: 034160
ห้องสมุดวิทยาเขตสวรรค์ประชารักษ์
►ส่วนจัดเก็บหนังสือเก่า สปร
บนชั้น
  ขอยืม
2. วิทยาศาสตร์การแพทย์ และสุขภาพ
วิทยาศาสตร์การแพทย์ และสุขภาพ
WM290 ย318 ฉ.2 
  Barcode: 034161
ห้องสมุดวิทยาเขตสวรรค์ประชารักษ์
►ส่วนจัดเก็บหนังสือเก่า สปร
บนชั้น
  ขอยืม
3. วิทยาศาสตร์การแพทย์ และสุขภาพ
วิทยาศาสตร์การแพทย์ และสุขภาพ
WM290 ย318 ฉ.3 
  Barcode: 034162
ห้องสมุดวิทยาเขตสวรรค์ประชารักษ์
►ส่วนจัดเก็บหนังสือเก่า สปร
บนชั้น
  ขอยืม

รายการใกล้เคียง
    หัวเรื่อง [การเลิกบุหรี่]
    หัวเรื่อง [เขตปลอดบุหรี่]

BibComment


ยังไม่เคยถูกคอมเมนท์

คอมเมนท์ทรัพยากรรายการนี้
  คอมเมนท์: 25 ปี มูลนิธิรณร..


 Copyright 2026. Bcnsprnw @Library